| 000 | 00595cam a22002051 4500 | ||
|---|---|---|---|
| 001 | ne 62000813 | ||
| 003 | DLC | ||
| 005 | 20260227111735.0 | ||
| 008 | 890330s1959 ua a 000 0 ara c | ||
| 010 | _ane 62000813 | ||
| 035 | _a(OCoLC)19480150 | ||
| 040 |
_aPrinceton Univ. Libr. _cWaU _dWaU _dDLC |
||
| 042 | _apremarc | ||
| 050 | 0 | 0 |
_aPJ7538 _b.K5 |
| 100 | 1 | _aKīlānī, Muḥammad Sayyid. | |
| 245 | 1 | 0 |
_aFuṣūl mumattiʻah, _ctaʼlīf Muḥammad Sayyid Kīlānī. |
| 260 |
_aal-Qāhirah, _bDār al-ʻArab _c[1959.] |
||
| 300 |
_a128 p. _billus. _c23 cm. |
||
| 650 | 0 | _aArabic literature. | |
| 999 |
_c45122 _d45122 |
||